000 00418nam a2200169Ia 4500
008 230917s9999||||xx |||||||||||||| ||und||
040 _e241217
_aMAIN
041 _aEnglish
082 _a658.8 B175M(7)
100 _aBaker, Michael J, ed.
245 0 _aMarketing book
250 _a7th ed.
260 _aLondon
_bRoutledge
_c2016
300 _axiii, 655 p.
500 _a2783 20/07/2017 IHTM (SFS)
942 _cBK
999 _c23218
_d23218